MARC details
| 000 -CABECERA |
| campo de control de longitud fija |
02709nam a2200337 a 4500 |
| 001 - NÚMERO DE CONTROL |
| campo de control |
BRCA_3243 |
| 005 - FECHA Y HORA DE LA ÚLTIMA TRANSACCIÓN |
| campo de control |
20190320204201.0 |
| 008 - DATOS DE LONGITUD FIJA--INFORMACIÓN GENERAL |
| campo de control de longitud fija |
110309s1818----enka---###---#000-0#eng-# |
| 041 ## - CÓDIGO DE LENGUA |
| Código de lengua del texto/banda sonora o título independiente |
eng |
| 044 ## - CÓDIGO DEL PAÍS DE LA ENTIDAD EDITORA/PRODUCTORA |
| Código MARC del país |
enk |
| 084 ## - OTRO NÚMERO DE CLASIFICACIÓN |
| Número de clasificación |
544 |
| Número de documento/Ítem |
.C34 |
| -- |
1818 |
| 100 1# - ENTRADA PRINCIPAL--NOMBRE DE PERSONA |
| Nombre de persona |
Cervantes Saavedra, Miguel de |
| Fechas asociadas al nombre |
1547-1616 |
| 9 (RLIN) |
213 |
| 245 10 - MENCIÓN DE TÍTULO |
| Título |
Don Quixote de la Mancha |
| Mención de responsabilidad, etc. |
Translated from the Spanish of Miguel de Cervantes Saavedra by Mary Smirke. |
| 260 ## - PUBLICACIÓN, DISTRIBUCIÓN, ETC. |
| Lugar de publicación, distribución, etc. |
Londres |
| Nombre del editor, distribuidor, etc. |
T. Cadell and W. Davies |
| Fecha de publicación, distribución, etc. |
1818 |
| 300 ## - DESCRIPCIÓN FÍSICA |
| Extensión |
4 v. |
| Otras características físicas |
il. |
| Dimensiones |
23 cm. |
| 500 ## - NOTA GENERAL |
| Nota general |
Contenido : v.1. Primera parte. Prefacio de la traductora. Noticia biográfica sobre Cervantes. Prólogo del autor. Notas. -- v.2. Texto. -- v.3. Segunda parte. Dedicatoria y prólogo del autor. Notas. -- v.4. Texto |
| 500 ## - NOTA GENERAL |
| Nota general |
Edición : Embellished with Engravings from Pictures Painted by Robert Smirke |
| 500 ## - NOTA GENERAL |
| Nota general |
Traducción de Mary Smirke, basada en las versiones inglesas de Shelton, Motteux, Jarvis y Smollett. En su prefacio, dice la traductora: Cervantes no dirigio sus ataques contra todas las novelas caballerescas, si no unicamente contra las que no revelaban sentido común ni ingeniosidad... pues admitia lo maravilloso, pero no lo monstruoso, y añade: El extraordinario éxito... de su satira contribuyó mucho al progreso general de la mejora intelectual... en Europa, y a la introducción de lo que entonces era... una novedad en el mundo literario: el deleitoso sabor de lo natural y de lo verdadero. Los acertados juicios de Mary Smirke, el cuidado con que supo escoger los modelos para su trabajo, y el esmero que puso en la corrección del texto, acreditan esta edición como una de las mejores de su época. Va unido al merito literario de esta bellisima edición el buen gusto tipográfico, pues además de estar impresa con hermosos tipos, en papel superior, va ilustrada con excelentes láminas gravadas con primor en acero sobre los dibujos de R. Smirke, F. Englejhart, T. Stothard y otros, con los defectos usuales en los ilustradores extranjeros. Hermoso ejemplar, encuadernado en piel; los planos orlados y lomos con florones y filetes, asi como cortes dorados Lúdovik Osterc |
| 500 ## - NOTA GENERAL |
| Nota general |
Con ex-libris de : John Thomas White |
| 500 ## - NOTA GENERAL |
| Nota general |
QM440 |
| 546 ## - NOTA DE LENGUA/LENGUAJE |
| Nota de lengua/lenguaje |
Texto en : inglés |
| 650 14 - PUNTO DE ACCESO ADICIONAL DE MATERIA--TÉRMINO DE MATERIA |
| Término de materia o nombre geográfico como elemento de entrada |
Novela española |
| Subdivisión cronológica |
Época clásica, 1500-1700 |
| 9 (RLIN) |
215 |
| 650 14 - PUNTO DE ACCESO ADICIONAL DE MATERIA--TÉRMINO DE MATERIA |
| Término de materia o nombre geográfico como elemento de entrada |
Literatura española |
| Subdivisión cronológica |
Época clásica, 1500-1700 |
| 9 (RLIN) |
216 |
| 650 14 - PUNTO DE ACCESO ADICIONAL DE MATERIA--TÉRMINO DE MATERIA |
| Término de materia o nombre geográfico como elemento de entrada |
Novela española |
| Subdivisión cronológica |
Siglo XVII |
| 9 (RLIN) |
217 |
| 650 14 - PUNTO DE ACCESO ADICIONAL DE MATERIA--TÉRMINO DE MATERIA |
| Término de materia o nombre geográfico como elemento de entrada |
Don Quijote (Personaje ficticio) |
| Término indicativo de función/relación |
Novela |
| 9 (RLIN) |
218 |
| 700 1# - PUNTO DE ACCESO ADICIONAL--NOMBRE DE PERSONA |
| Nombre de persona |
Smirke, Mary |
| Fechas asociadas al nombre |
1789-1853 |
| Término indicativo de función/relación |
Traductora |
| 9 (RLIN) |
8643 |
| 700 1# - PUNTO DE ACCESO ADICIONAL--NOMBRE DE PERSONA |
| Nombre de persona |
Smirke, Robert |
| Fechas asociadas al nombre |
1781-1876 |
| Término indicativo de función/relación |
Grabador |
| 9 (RLIN) |
8644 |
| 740 0# - PUNTO DE ACCESO ADICIONAL--TÍTULO RELACIONADO O ANALÍTICO NO CONTROLADO |
| Título relacionado o analítico no controlado |
El Ingenioso Hidalgo Don Quijote de la Mancha |
| 902 ## - CATALOGADOR |
| Iniciales |
QFM |
| 942 ## - ELEMENTOS DE PUNTO DE ACCESO ADICIONAL (KOHA) |
| Fuente del sistema de clasificación o colocación |
Library of Congress Classification |
| Tipo de ítem Koha |
Libros |